On the economics of philanthropy (Registro nro. 26558)

Detalles MARC
000 -LEADER
fixed length control field 00318 a2200109 4500
001 - CONTROL NUMBER
control field ART_12665
005 - DATE AND TIME OF LATEST TRANSACTION
control field 20260410161908.0
008 - FIXED-LENGTH DATA ELEMENTS--GENERAL INFORMATION
fixed length control field 260409a
100 1# - MAIN ENTRY--PERSONAL NAME
Personal name Sugden, Robert
245 10 - TITLE STATEMENT
Title On the economics of philanthropy
773 0# - HOST ITEM ENTRY
Title The Economic Journal
Related parts - Vol. 92, Nº 366 (jun. 1982)
Record control number REV12512

No hay ítems disponibles.